01349nam a2200385 c 4500001000200000003000900002005001700011008003300028020000600061040002700067080000600094082002200100100002400122245008400146246012700230260004300357300002600400336003200426337003100458490003000489590002900519648000600548650003600554650003600590655003000626655002500656655000600681700004200687700003800729910003900767942001200806952012200818956000600940999001700946 DO-SdBNP20231211121912.0170403s20uu sp a| 000 1 spa  a  aBPMSU bspacBPMSU e  a  a863.6bR934c 2221 a Ruiz, Celia d 0 10aCuentos para niñas /cadaptación Celia Ruiz ; ilustraciones Pilar Campos; 14aCuentos para niñas: cuentos de brujas, de hadas, de príncipes y princesas. El duende de los cuentos te hará soñar  aMadrid :bSusaeta Ediciones, c[200-?] a357 p.:bil. ;c21 cm aTexto (visual)2isbdcontent asin mediación2isbdmedia0 a El duende de los cuentos aInventariado, 2023/VM6  a  4aCuentos infantiles españoles  4aliteratura infantil española  7aLibros infantiles2tgfbne 4aLibros ilustrados2  42 1 eDirección editorial aDoblado, Ana 1 aCampos, Pilar eilustraciones d  aVMateo V.Control de calidad. BPMSU 2ddccBK 00102ddc40708CI-GaBPMETbBPMETd2023-12-11l0oBPMSU CGI 863.6 R934c pBPMSU23120026r2023-12-11w2023-12-11yBK a  c14509d14509